<?xml version="1.0" encoding="UTF-8"?>
<record
    xmlns:xsi="http://www.w3.org/2001/XMLSchema-instance"
    xsi:schemaLocation="http://www.loc.gov/MARC21/slim http://www.loc.gov/standards/marcxml/schema/MARC21slim.xsd"
    xmlns="http://www.loc.gov/MARC21/slim">

  <leader>02760nmm a22002297a 4500</leader>
  <datafield tag="999" ind1=" " ind2=" ">
    <subfield code="c">5188</subfield>
    <subfield code="d">5188</subfield>
  </datafield>
  <controlfield tag="003">OSt</controlfield>
  <controlfield tag="005">20240419111132.0</controlfield>
  <controlfield tag="008">191018e        xxu|||||o||d| 00| 0 spa d</controlfield>
  <datafield tag="020" ind1=" " ind2=" ">
    <subfield code="a">9789507277658</subfield>
  </datafield>
  <datafield tag="040" ind1=" " ind2=" ">
    <subfield code="c">PJ</subfield>
  </datafield>
  <datafield tag="245" ind1="1" ind2="0">
    <subfield code="a">Revista Laboral :</subfield>
    <subfield code="b">derecho colectivo /</subfield>
    <subfield code="c">Mario E. Ackerman director.</subfield>
  </datafield>
  <datafield tag="260" ind1=" " ind2=" ">
    <subfield code="a">Santa F&#xE9; :</subfield>
    <subfield code="b">Rubinzal Culzoni,</subfield>
    <subfield code="c">2006.</subfield>
  </datafield>
  <datafield tag="300" ind1=" " ind2=" ">
    <subfield code="a">656 p.</subfield>
    <subfield code="c">22 cm.</subfield>
  </datafield>
  <datafield tag="310" ind1=" " ind2=" ">
    <subfield code="a">semestral</subfield>
  </datafield>
  <datafield tag="362" ind1=" " ind2=" ">
    <subfield code="a">No.2 (2006) </subfield>
  </datafield>
  <datafield tag="500" ind1=" " ind2=" ">
    <subfield code="a">Limitaciones y bilateralidad del inter&#xE9;s colectivo, por Mario Ackerman; 
Las relaciones laborales en las empresas. Sindicalizaci&#xF3;n e inclusi&#xF3;n convencional, por H&#xE9;ctor Palomino; 
La libertad sindical y la OIT, por Viridiana D&#xED;az Aloy; 
Acci&#xF3;n declarativa promovida por el sindicato frente al incumplimiento o fraude del empleador, por Jorge El&#xED;as; 
La democracia sindical y el derecho electoral, por Alejandro An&#xED;bal Segura; 
Democracia sindical: el caso argentino, por Luis Enrique Ram&#xED;rez; 
El desplazamiento de la personer&#xED;a gremial. O reemplazo en el goce de la condici&#xF3;n de sindicato m&#xE1;s representativo, por Jorge J. Sappia; 
Prejudicialidad en conflictos intrasindicales, por C&#xE9;sar Arese; 
Encuadramiento sindical, por Valent&#xED;n Rubio; 
La protecci&#xF3;n de la libertad sindical: el amparo sindical, por Juan Mart&#xED;n Morando; 
Libertad sindical y prevenci&#xF3;n de pr&#xE1;cticas antisindicales, por Aurelio Fanjul; 
La actividad de las empresas de servicios eventuales y las relaciones colectivas del trabajo, por Alejandro Di Sabatino; 
Nuevos criterios en materia de protecci&#xF3;n de la libertad sindical individual, por Jos&#xE9; Daniel Machado y Ra&#xFA;l Horacio Ojeda; 
El auge de la negociaci&#xF3;n colectiva. El marco normativo como condici&#xF3;n orientadora, por Pablo Titiro;
La formaci&#xF3;n profesional. En el marco de una propuesta de promoci&#xF3;n y fomento de la negociaci&#xF3;n colectiva en la Rep&#xFA;blica Argentina, por Pablo Arnaldo Topet; 
Los calificativos de la negociaci&#xF3;n colectiva. Cuestiones de competencia entre Naci&#xF3;n y provincias en materia de negociaci&#xF3;n colectiva (sector privado y p&#xFA;blico provincial), por Gabriel Tosto; 
Apuntes sobre la huelga y el da&#xF1;o, por Eduardo O. &#xC1;lvarez;
La reglamentaci&#xF3;n del derecho de huelga, por Mariano Recalde; 
La regulaci&#xF3;n de la huelga en los servicios esenciales. Compatibilizaci&#xF3;n entre l&#xED;mites y garant&#xED;as al ejercicio del derecho, por H&#xE9;ctor Omar Garc&#xED;a. Compilaci&#xF3;n tem&#xE1;tica de jurisprudencia, por Ra&#xFA;l Horacio Ojeda y Maximiliano Rouco.

</subfield>
  </datafield>
  <datafield tag="650" ind1=" " ind2="0">
    <subfield code="9">1316</subfield>
    <subfield code="a">DERECHO LABORAL</subfield>
  </datafield>
  <datafield tag="650" ind1=" " ind2="0">
    <subfield code="9">1338</subfield>
    <subfield code="a">DERECHO COLECTIVO DEL TRABAJO</subfield>
  </datafield>
  <datafield tag="700" ind1=" " ind2=" ">
    <subfield code="9">1423</subfield>
    <subfield code="a">Ackermann, Mario Eduardo</subfield>
    <subfield code="e">director</subfield>
  </datafield>
  <datafield tag="856" ind1=" " ind2=" ">
    <subfield code="u">https://www.rubinzal.com.ar/revistas/revista-de-derecho-laboral/5/?menupc=1</subfield>
    <subfield code="y">Revista Derecho Laboral </subfield>
  </datafield>
  <datafield tag="942" ind1=" " ind2=" ">
    <subfield code="2">udc</subfield>
    <subfield code="c">PP</subfield>
  </datafield>
  <datafield tag="952" ind1=" " ind2=" ">
    <subfield code="0">0</subfield>
    <subfield code="1">0</subfield>
    <subfield code="2">udc</subfield>
    <subfield code="4">0</subfield>
    <subfield code="7">0</subfield>
    <subfield code="a">DJS</subfield>
    <subfield code="b">DJS</subfield>
    <subfield code="d">2024-04-19</subfield>
    <subfield code="p">5510</subfield>
    <subfield code="r">2024-04-19</subfield>
    <subfield code="w">2024-04-19</subfield>
    <subfield code="y">PP</subfield>
  </datafield>
</record>
